Asymmetric synthetic methodology /

Na minha lista:
Detalhes bibliográficos
Autor principal: Ager, David J.
Outros Autores: East, Michael B.
Formato: Livro
Idioma:inglês
Publicado em: Boca Raton, Fla. CRC Press 1996.
Colecção:New directions in organic and biological chemistry
Assuntos:
Acesso em linha:Publisher description
View in OPAC
Tags: Adicionar Tag
Sem tags, seja o primeiro a adicionar uma tag!

MARC

LEADER 00000cam a2200000 a 4500
005 20260127134104.0
008 120911s1996 flua b 001 0 eng
010 |a 95-035877 
020 |a 0849389429 (alk. paper) 
035 |a vtls010447574 
039 9 |y 201209111201  |z mschk03 
040 |a DLC  |c DLC  |d DLC  |d STUSCHK1 
082 0 0 |a 542.2  |2 20 
100 1 |a Ager, David J. 
245 1 0 |a Asymmetric synthetic methodology /  |c David J. Ager, Michael B. East. 
260 |a Boca Raton, Fla.  |b CRC Press  |c 1996. 
300 |a 483 p.  |b ill.  |c 27 cm. 
440 0 |a New directions in organic and biological chemistry 
504 |a Includes bibliographical references and index. 
650 0 |a asymmetric synthesis. 
700 1 |a East, Michael B. 
856 4 2 |3 Publisher description  |u http://www.loc.gov/catdir/enhancements/fy0742/95035877-d.html 
906 |a 7  |b cbc  |c orignew  |d 1  |e ocip  |f 19  |g y-gencatlg 
910 |a SCHK95 
919 |a 0-8493-8942-9 
920 |a ** LC HAS REQ'D # OF SHELF COPIES ** 
991 |b c-GenColl  |h QD262  |i .A38 1996  |p 00018786461  |t Copy 1  |w BOOKS 
999 |c 3796  |d 3796